000 00677cam a2200229 4500500
005 20260405003817.0
041 _afre
042 _adc
100 1 0 _ade Oliveira, Victorine
_eauthor
245 0 0 _aVivre sa vie dignement : un extrait de Marc Aurèle commenté
260 _c2023.
500 _a50
690 _aÂme
690 _aCité
690 _aForteresse
690 _aMarc Aurèle
690 _aStoïcien
690 _aStoïcisme
690 _aValeur
786 0 _nPhilosophie magazine | 175 | 12 | 2023-12-01 | p. 44-45 | 1951-1787
856 4 1 _uhttps://shs.cairn.info/magazine-philosophie-magazine-2023-12-1-page-44?lang=fr&redirect-ssocas=7080
999 _c2071036
_d2071036